| 000 | 00629nam a2200169Ia 4500 | ||
|---|---|---|---|
| 008 | 090711s9999 xx 000 0 und d | ||
| 082 | _b1905 | ||
| 100 | _aशहा उदिता अ. | ||
| 245 | _aबीज अंकुरे अंकुरे | ||
| 260 |
_bदीप दर्शन सेंटर फॉर अॅकॅडमीक एक्सलंस् _c1997 |
||
| 300 | _a183 | ||
| 600 | _aशहा उदिता अ. | ||
| 630 | _aबीज अंकुरे अंकुरे | ||
| 700 | _aशहा उदिता अ. | ||
| 730 | _aबीज अंकुरे अंकुरे | ||
| 942 | _cBOOK | ||
| 999 |
_c326128 _d326128 |
||